| 000 | 00961nam a2200277Ia 4500 | ||
|---|---|---|---|
| 001 | Para_774 | ||
| 003 | CHAP | ||
| 008 | 220125s1992 xx 000 0 und d | ||
| 010 | _a199463 | ||
| 040 | _cCHAP | ||
| 090 | _aPA TESIS 746 | ||
| 100 |
_aPrudencio Jimenez, Cesar _992534 |
||
| 245 |
_aControl quimico de pulgones, mosquita blanca y minador de la hoja de pepino y su relacion con la presencia de plantas virosas en Tenango. Morelos / _c por Cesar Prudencio Jimenez |
||
| 260 |
_aChapingo, Méx. : _b el autor |
||
| 300 | _a141 h. | ||
| 502 | _aTesis (Ing. Agr. Esp. en Parasitología Agrícola) -- UACh. Departamento Parasitología Agrícola | ||
| 650 |
_aPepino Agronomysa _9164689 |
||
| 710 |
_aUACh. Departamento Parasitología Agrícola _9164025 |
||
| 901 | _aPA TESIS 746 | ||
| 902 | _aA | ||
| 905 | _a0000001992 0000000000 00 | ||
| 910 | _a1992 | ||
| 942 | _cPARA | ||
| 942 |
_cPARA _d1 |
||
| 999 |
_c199463 _d199463 |
||